1730 1511 1549 1239 1442 1694 1743 1333 1792 1288 1962 1910 1563 1397 1020 1750 1215 1316 1350 1479 1281 1630 1229 1389 1239 1624 1533 1001 1115 1802 1198 1886 1812 1177 1758 1956 1830 1063 1547 1080 1130 1988 1238 1761 1387 1489 1113 1999 1578 1087 1833 1375 1628 1722 1892 1962 1506 1686 1939 1097 1008 1912 1963 1047 1086 1876 1178 1583 1690 1981 1105 1603 1892 1355 1735 1155 1040 1866 1977 1543 1047 1984 1670 1031 1870 1940 1954 1586 1831 1675 1394 1309 1897 1437 1087 1937 1399 1360 1487 BCNSPRNW ULIB Ver.6.0+V

เปลี่ยนเป็นภาษาไทย

Change to English
 แสดงรายละเอียดบรรณานุกรม
  กลับหน้าหลัก

Brief Record : Get Marc (ISO 2709) : E-mail record : QR code < ปิดหน้าต่าง
LEADER : 00000nam 2200000uu 4500
001    13399111543
003     ULIB
008    110630s||||||||th 000 0 tha d
020    9747586835
050  4 BQ4570^bป524ท 2543
100 0  ปัญญานันทภิกขุ,^d2454-
245 10 บุญทำให้ได้บุญล้นคุณค่า /^cพระธรรมโกศาจารย์ (ปัญญานันทภิกขุ)
260    กรุงเทพฯ :^bธรรมสภาและสถาบันบันลือธรรม,^c2543
300    198 หน้า ;^c22 ซม.
650  7 การปฏิบัติธรรม
650  7 ความดี
650  7 ธรรมะกับชีวิตประจำวัน
710 2  ธรรมสภา
710 2  สถาบันบันลือธรรม
945    ^p200^l0^i019487
995    ทศพร
999 ^a ใช้งานได้ทุกระบบ
รายการนี้ยังไม่มีแท็ก
คุณยังไม่ได้ล็อกอิน คุณสามารถมีกิจกรรมร่วมกับเว็บไซต์ได้ แต่ต้องล็อกอินก่อน ::
  ล็อกอิน

รายการสื่อสารสนเทศ

ลำดับที่ ประเภท เลขเรียก/บาร์โค้ด สถานที่ สถานะ
- ไม่พบข้อมูล -

รายการใกล้เคียง
    หัวเรื่อง [การปฏิบัติธรรม]
    หัวเรื่อง [ความดี]
    หัวเรื่อง [ธรรมะกับชีวิตประจำวัน]

BibComment


ยังไม่เคยถูกคอมเมนท์

คอมเมนท์ทรัพยากรรายการนี้
  คอมเมนท์: บุญทำให้ได้บุญล้น..


 Copyright 2026. Bcnsprnw @Library